Statistiques concernant Chanteurs français par noms de famille #3

Cliquez ici pour prendre le quiz!

Statistiques générales

  • Ce quiz a été pris 191 fois
    (186 depuis la dernière actualisation)
  • Le résultat moyen est 13 sur 15

Statistiques - réponses

Nom de familleChanteurs% Correct
ObispoPascal
97%
GoldmanJean-Jacques
96%
GainsbourgSerge | Charlotte
95%
FarmerMylène
93%
ClercJulien
92%
BruniCarla
91%
LemarchalGrégory
88%
VoulzyLaurent
88%
GiracKendji
87%
WillemChristophe
85%
DahoEtienne
79%
BiolayBenjamin
74%
ChedidMatthieu | Louis
74%
MathieuMireille
64%
PraviBarbara
63%

Distribution des résultats

Percentile par nombre de réponses

% des personnes avec chaque résultat

Votre développement - résultats

Vous n’avez pas pris ce quiz depuis la dernière actualisation